| 000 | 00980nas a2200337 4500 | ||
|---|---|---|---|
| 001 | BR2011000271 | ||
| 003 | BR-BrBNA | ||
| 005 | 20231205114408.0 | ||
| 007 | ta | ||
| 008 | 230509b bl.|||p| |||| 00| 00por d | ||
| 040 |
_aBR-BrBNA _bpor _cBiblioteca Nacional de Agricultura |
||
| 041 | _a(Pt) | ||
| 072 | _aF01 | ||
| 100 | 1 | _aScarpare Filho, J.A. | |
| 100 | 1 | _aMoraes, A.L. de | |
| 100 | 1 | _aRodrigues, A. | |
| 100 | 1 | _aScarpare, F.V. | |
| 245 | 1 | _aRendimento de uva "Niagara Rosada" submetida à redução de área foliar | |
| 650 | _aUVA | ||
| 650 | _aVITIS LABRUSCA | ||
| 650 | _aDESFOLHA ARTIFICIAL | ||
| 650 | _aÁREA FOLIAR | ||
| 650 | _aRENDIMENTO | ||
| 650 | _aCONTROLE QUÍMICO | ||
| 650 | _aSAFRA | ||
| 650 | _aPODA | ||
| 650 | _aANÁLISE COMPARATIVA | ||
| 773 | 0 |
_tRevista Brasileira de Fruticultura (Brazil) _xISSN 0100-2945 _g(Sep 2010), v. 32(3) p. 778-785 _wBR2011000271 |
|
| 909 |
_a202311 _bLúcia _c55 _dLúcia Elande |
||
| 942 |
_2AGRIS _n0 _cANA |
||
| 999 |
_c208573 _d208573 |
||